| 000 | 00700nam a22001457a 4500 | ||
|---|---|---|---|
| 999 |
_c530629 _d530629 |
||
| 008 | 250627b ||||| |||| 00| 0 eng d | ||
| 100 |
_aChenoy, Anuradha _954827 |
||
| 245 | _aIsraeli aggression against Iran: hegemony and its pitfalls | ||
| 260 | _aEconomic & Political Weekly | ||
| 300 | _a60(25), Jun 21, 2025: p.8-9 | ||
| 520 | _aDriven by US–Israeli imperial designs, a war on Iran will have devastating consequences for the region and the world. - Reproduced https://www.epw.in/journal/2025/25/comment/israeli-aggression-against-iran-hegemony-and-its.html | ||
| 650 |
_awar, Israel & Iran war, crises, domestic politics _954818 |
||
| 773 | _0Economic & Political Weekly | ||
| 942 | _cAR | ||